| 000 | 00907nam a22001817a 4500 | ||
|---|---|---|---|
| 005 | 20241007131939.0 | ||
| 008 | 241007b ||||| |||| 00| 0 eng d | ||
| 040 | _cSSBUL | ||
| 082 |
_223 _a၂၉၄.၃၀၉၅၄ ့ _b၁၃၁၉၂ S-SAT |
||
| 100 | 0 |
_aအံ့၊ မောင်(မဟာဝိဇ္ဇာ) _954915 |
|
| 245 | 1 |
_aမြတ်ဘုရားပွင့်တော်မူရာ ဗုဒ္ဓဂယာ / _bမောင်အံ့ (မဟာဝိဇ္ဇာ-ဘုံဘေ) |
|
| 250 | _aပဉ္ဓမအကြိမ်။ | ||
| 260 |
_aရန်ကုန် ၊ _bသာသနာရေးဦးစီးဌာန၊ _c၁၉၉၆။ |
||
| 300 |
_a၁၇၄ စာမျက်နှာ ၊ _bပုံများ ၊ _c၂၀ စင်တီ။ |
||
| 500 | _aS-SAT: Dr. Sai Aung Tun S-KZN: Prof. Kyaw Zaw Naing | ||
| 650 | _aဗုဒ္ဓဂယာ | ||
| 942 |
_2ddc _cBK1 |
||
| 999 |
_c40933 _d40933 |
||